Vide Noir by Lord Huron - Lyrics Quiz - Statistics

General Stats
  • This quiz has been taken 12 times
  • The average score is 108 of 164
Answer Stats
Answer % Correct
a
100%
have
100%
i
100%
heard
88%
making
88%
many
88%
name
88%
night
88%
nights
88%
noise
88%
out
88%
staring
88%
the
88%
with
88%
black
75%
her
75%
in
75%
into
75%
is
75%
my
75%
never
75%
pure
75%
so
75%
void
75%
whisper
75%
without
75%
again?
63%
back
63%
boys
63%
calling
63%
come
63%
edge?
63%
from
63%
hell
63%
if
63%
it
63%
joy
63%
mind
63%
of
63%
past
63%
raising
63%
sorrow
63%
tears
63%
what
63%
you
63%
your
63%
am
50%
cup
50%
destroyed
50%
enjoyed
50%
evils
50%
make
50%
prowling
50%
where
50%
all
38%
are
38%
drops
38%
getting
38%
go
38%
head?
38%
high
38%
it's
38%
last
38%
on
38%
when
38%
can
25%
ever
25%
heading
25%
nameless
25%
only
25%
or
25%
said
25%
soul
25%
these
25%
words
25%
No matching quizzes found
Score Distribution
Percent of People with Each Score
Percentile by Number Answered
Your Score History
You have not taken this quiz